[Event "GER-ch 93rd"]
[Site "Magdeburg"]
[Date "2022.08.18"]
[Round "7"]
[White "Boder, Jan"]
[Black "Keller, Peter1"]
[Result "1/2-1/2"]
[WhiteElo "2315"]
[BlackElo "2377"]
[EventDate "2022.08.14"]
[PlyCount "154"]

1. g3 Nf6 2. d4 e6 3. c4 d5 4. Nf3 Bb4+ 5. Bd2 Bd6 6. Bg2 O-O 7. Nc3 c6 8. Qc2 Nbd7 9. e4 Nxe4 10. Nxe4 dxe4 11. Qxe4 e5 12. O-O Nf6 13. Qh4 e4 14. Ng5 Bf5 15. Rae1 Re8 16. f3 Bc5 17. dxc5 Qxd2 18. fxe4 Qd4+ 19. Kh1 Bg6 20. e5 Ng4 21. Ne4 Bxe4 22. Bxe4 Nf2+ 23. Kg2 Nxe4 24. Rxe4 Qxb2+ 25. Rf2 Qc3 26. Qh5 Re7 27. e6 f6 28. Qf5 Rae8 29. Rfe2 g6 30. Qf4 Kg7 31. h4 h5 32. Qd6 Qc1 33. Qd4 Rf8 34. Qd6 Rfe8 35. Qd4 Qh6 36. Kh2 Qh8 37. Rf4 Qf8 38. Rfe4 Kh7 39. Qe3 f5 40. Re5 Qf6 41. Rd2 Kg7 42. Rd6 f4 43. Qxf4 Qxf4 44. gxf4 Kf6 45. Kg3 Rxe6 46. Kf3 b6 47. cxb6 Rxd6 48. Rxe8 axb6 49. Rb8 c5 50. Rf8+ Kg7 51. Rb8 Re6 52. a4 Rd6 53. Ke3 Kf6 54. Ra8 Rd4 55. Ra6 Kf5 56. Rxb6 Rxc4 57. Rc6 Rc3+ 58. Kf2 Rc4 59. Kg3 Rc3+ 60. Kf2 c4 61. a5 Rc2+ 62. Kf3 Rc3+ 63. Kf2 Ra3 64. Rxc4 Rxa5 65. Rc6 Ra4 66. Kg3 Ra3+ 67. Kg2 Re3 68. Ra6 Re4 69. Kg3 Re3+ 70. Kg2 Re6 71. Rxe6 Kxe6 72. Kf2 Kd5 73. Ke3 Ke6 74. Ke4 Kf6 75. Ke3 Ke6 76. Ke4 Kf6 77. Ke3 Ke6 1/2-1/2

[Event "GER-ch 93rd"]
[Site "Magdeburg"]
[Date "2022.08.18"]
[Round "7"]
[White "Colpe, Malte"]
[Black "Schulz, Lukas"]
[Result "0-1"]
[WhiteElo "2363"]
[BlackElo "2271"]
[EventDate "2022.08.14"]
[PlyCount "64"]

1. d4 Nf6 2. c4 g6 3. Nc3 Bg7 4. Nf3 O-O 5. g3 d6 6. Bg2 Nbd7 7. O-O e5 8. e4 c6 9. h3 Qe7 10. Re1 Ne8 11. b3 f5 12. dxe5 dxe5 13. a4 Qf6 14. Ra2 f4 15. gxf4 Nc7 16. Rd2 Qe7 17. f5 Nf6 18. Bb2 Nh5 19. Ne2 gxf5 20. exf5 Bxf5 21. Nxe5 Bxh3 22. Bxh3 Qh4 23. Rd3 Rae8 24. f4 Ne6 25. Bxe6+ Rxe6 26. Nd4 Rxf4 27. Ndf3 Qg3+ 28. Kf1 Qh3+ 29. Kf2 Qg3+ 30. Kf1 Qh3+ 31. Kf2 Qh2+ 32. Ke3 Re4+ 0-1

[Event "GER-ch 93rd"]
[Site "Magdeburg"]
[Date "2022.08.18"]
[Round "7"]
[White "Costa, Leonardo"]
[Black "Pajeken, Jakob Leon"]
[Result "1-0"]
[WhiteElo "2326"]
[BlackElo "2457"]
[EventDate "2022.08.14"]
[PlyCount "61"]

1. e4 c5 2. Nf3 d6 3. d4 cxd4 4. Nxd4 Nf6 5. Nc3 a6 6. h4 e5 7. Nb3 Be7 8. Be2 Be6 9. f4 b5 10. g4 b4 11. Nd5 Nxd5 12. exd5 Bc8 13. g5 Nd7 14. O-O Qb6+ 15. Kh2 Bb7 16. a3 a5 17. axb4 axb4 18. Rxa8+ Bxa8 19. Qd3 exf4 20. Bxf4 O-O 21. Qe4 Ne5 22. Nd4 g6 23. Bxe5 dxe5 24. Nc6 Bxc6 25. dxc6 Qc7 26. Bc4 Kg7 27. Qd5 f6 28. Qe6 Qd8 29. Rd1 Qxd1 30. Qxe7+ Kh8 31. Qxf8# 1-0

[Event "GER-ch 93rd"]
[Site "Magdeburg"]
[Date "2022.08.18"]
[Round "7"]
[White "Dahl, Christoph"]
[Black "Langheinrich, Ferenc"]
[Result "1/2-1/2"]
[WhiteElo "2348"]
[BlackElo "2357"]
[EventDate "2022.08.14"]
[PlyCount "82"]

1. e4 c5 2. Nf3 Nc6 3. d4 cxd4 4. Nxd4 e5 5. Nb5 d6 6. N1c3 a6 7. Na3 Be6 8. Nc4 Rc8 9. Nd5 Qh4 10. Bd3 Bxd5 11. exd5 Nb4 12. Ne3 Nxd3+ 13. Qxd3 Nf6 14. O-O Ng4 15. Nxg4 Qxg4 16. f4 f6 17. Be3 Be7 18. fxe5 fxe5 19. h3 Qg6 20. Rf5 Bf6 21. Raf1 O-O 22. Qb3 b5 23. a4 e4 24. axb5 axb5 25. c3 Qg3 26. Bf2 Qd3 27. Rd1 Qe2 28. Re1 Qd3 29. Rd1 Qc4 30. Qxc4 Rxc4 31. Rf1 b4 32. Bh4 bxc3 33. bxc3 Rxc3 34. Bxf6 Rxf6 35. Rxf6 gxf6 36. Rxf6 e3 37. Kf1 Rc2 38. Rxd6 Rf2+ 39. Kg1 Rd2 40. Re6 Rxd5 41. Rxe3 Kg7 1/2-1/2

[Event "GER-ch 93rd"]
[Site "Magdeburg"]
[Date "2022.08.18"]
[Round "7"]
[White "Feuerstack, Aljoscha"]
[Black "Dobrikov, Marco"]
[Result "1/2-1/2"]
[WhiteElo "2477"]
[BlackElo "2223"]
[EventDate "2022.08.14"]
[PlyCount "129"]

1. e4 c5 2. c3 Nf6 3. e5 Nd5 4. Nf3 Nc6 5. Bc4 Nb6 6. Bb3 d5 7. exd6 Qxd6 8. O-O Be6 9. Bxe6 Qxe6 10. a4 Qd7 11. a5 Nd5 12. a6 b6 13. d4 cxd4 14. Nxd4 e6 15. Qg4 Nxd4 16. Qxd4 Nf6 17. Be3 Bc5 18. Qe5 Bxe3 19. Qxe3 O-O 20. Na3 Rfd8 21. h3 Qc6 22. Rfd1 h6 23. Rd4 Rd5 24. c4 Rxd4 25. Qxd4 Qa4 26. Rd1 Qxa6 27. Rd3 Qb7 28. b4 a5 29. b5 Qc7 30. Qd6 Rc8 31. Qxc7 Rxc7 32. Rd8+ Kh7 33. Rd6 Nd7 34. c5 bxc5 35. Nc4 Rb7 36. Nxa5 Rxb5 37. Rxd7 Rxa5 38. Rxf7 Kg6 39. Rc7 Ra1+ 40. Kh2 Rc1 41. Kg3 c4 42. Kf3 c3 43. Ke2 Kf6 44. Kd3 Rh1 45. Ke2 Rg1 46. g3 Rc1 47. Kd3 g5 48. Rxc3 Rh1 49. Ke4 Rxh3 50. Rc1 h5 51. Kf3 Rh2 52. Ra1 Kf5 53. Rb1 h4 54. Rb5+ e5 55. gxh4 gxh4 56. Rb4 h3 57. Rh4 Rh1 58. Kg3 Rg1+ 59. Kxh3 Rh1+ 60. Kg3 Rxh4 61. Kxh4 Kf4 62. Kh5 e4 63. Kg6 Kf3 64. Kf5 Kxf2 65. Kxe4 1/2-1/2

[Event "GER-ch 93rd"]
[Site "Magdeburg"]
[Date "2022.08.18"]
[Round "7"]
[White "Gungl, Theo"]
[Black "Bracker, Arne"]
[Result "1/2-1/2"]
[WhiteElo "2366"]
[BlackElo "2295"]
[EventDate "2022.08.14"]
[PlyCount "80"]

1. d4 Nf6 2. c4 e6 3. Nc3 Bb4 4. e3 O-O 5. Bd2 d5 6. Nf3 b6 7. cxd5 exd5 8. Bd3 Bb7 9. O-O Re8 10. Rc1 Bf8 11. Ne5 c5 12. f4 Nc6 13. Ne2 Rc8 14. Bc3 Ne4 15. Ng3 cxd4 16. exd4 Nb4 17. Bxb4 Rxc1 18. Qxc1 Nxg3 19. hxg3 Bxb4 20. Qc2 g6 21. Bb5 Re7 22. Qa4 a5 23. a3 Bd2 24. Qb3 f6 25. Ng4 Kg7 26. Qd3 Bc8 27. Qxd2 Bxg4 28. Re1 Bd7 29. Bd3 Rxe1+ 30. Qxe1 Qe8 31. Qc1 Qc8 32. Qxc8 Bxc8 33. Kf2 Bd7 34. Ke3 Kf7 35. Be2 h5 36. Bf3 Be6 37. Be2 Ke7 38. Bd3 Bf5 39. Bxf5 gxf5 40. a4 Ke6 1/2-1/2

[Event "GER-ch 93rd"]
[Site "Magdeburg"]
[Date "2022.08.18"]
[Round "7"]
[White "Hourigan, Gerrit"]
[Black "Florstedt, Johannes"]
[Result "0-1"]
[WhiteElo "2306"]
[BlackElo "2359"]
[EventDate "2022.08.14"]
[PlyCount "166"]

1. e4 c5 2. Nf3 Nc6 3. Nc3 g6 4. g3 Bg7 5. Bg2 d6 6. O-O e6 7. d3 Nge7 8. Bf4 e5 9. Be3 O-O 10. Nd2 Be6 11. a3 Qd7 12. Rb1 b6 13. f4 exf4 14. Bxf4 Ne5 15. Nf3 Nxf3+ 16. Qxf3 Rae8 17. Rfe1 Nc6 18. Nd5 Bxd5 19. exd5 Rxe1+ 20. Rxe1 Ne5 21. Qf1 Qb5 22. Bc1 h5 23. h3 h4 24. gxh4 Qa4 25. Qf2 f5 26. Bf4 Bf6 27. Qg3 Kf7 28. h5 gxh5 29. b3 Qd4+ 30. Qe3 Ng6 31. Bh6 Re8 32. Qxd4 Bxd4+ 33. Kf1 Rxe1+ 34. Kxe1 Nh4 35. Bh1 Kf6 36. Ke2 Ke5 37. c3 Bg1 38. Bg5 Ng6 39. Kf3 Bh2 40. h4 Kxd5 41. Ke3+ Ke6 42. Bf3 Bg3 43. Bxh5 Bxh4 44. Bxg6 Bxg5+ 45. Ke2 Bc1 46. a4 Kf6 47. Bh7 Bb2 48. c4 Bc3 49. Kf3 Ke5 50. Bg6 f4 51. Be4 Bb2 52. Bg6 Bc1 53. Be4 Kd4 54. Bg6 Be3 55. Bf5 Kc3 56. Ke4 Kxb3 57. Bd7 Kb4 58. Be8 Kc3 59. Bd7 Bc1 60. Bf5 Kb3 61. Bd7 Kc2 62. Bf5 Kd1 63. Kf3 Be3 64. Be4 Kd2 65. Bf5 Kd1 66. Ke4 Ke2 67. Bg4+ Kf2 68. Bh5 Kg3 69. Bd1 Bd4 70. Be2 Bf6 71. Bd1 Bd8 72. Bh5 d5+ 73. cxd5 Bc7 74. Bd1 a6 75. d6 Bxd6 76. Kd5 Bc7 77. a5 b5 78. Kxc5 Bxa5 79. d4 f3 80. Kc6 f2 81. Be2 b4 82. Kb7 b3 83. Kxa6 Bd8 0-1

[Event "GER-ch 93rd"]
[Site "Magdeburg"]
[Date "2022.08.18"]
[Round "7"]
[White "Kunin, Vitaly L"]
[Black "Malek, Daniel"]
[Result "1-0"]
[WhiteElo "2521"]
[BlackElo "2365"]
[EventDate "2022.08.14"]
[PlyCount "117"]

1. d4 Nf6 2. c4 e6 3. Nc3 Bb4 4. Nf3 d5 5. Qa4+ Nc6 6. e3 O-O 7. Bd2 dxc4 8. Bxc4 Bd6 9. h3 e5 10. d5 Ne7 11. e4 a6 12. Qc2 Ng6 13. Bd3 Bd7 14. Qb3 Qe7 15. O-O h6 16. Rfe1 Nh5 17. Ne2 Nh4 18. Nxh4 Qxh4 19. Bc2 Kh8 20. g4 Nf6 21. Qg3 Qxg3+ 22. Nxg3 c6 23. dxc6 Bxc6 24. Rad1 Bc5 25. Bc3 Rfe8 26. Kg2 Nh7 27. Nf5 f6 28. b4 Bb6 29. a4 Bc7 30. h4 Rad8 31. Rxd8 Rxd8 32. Ne7 Be8 33. Bb3 Nf8 34. Nd5 Bb8 35. g5 fxg5 36. hxg5 h5 37. Rh1 Ne6 38. Bd1 Kh7 39. g6+ Bxg6 40. Bxh5 Nf4+ 41. Nxf4 exf4 42. Bd1+ Kg8 43. Bb3+ Bf7 44. Bxf7+ Kxf7 45. Rh7 Rg8 46. Kf3 Kg6 47. Rh1 Kf7 48. Rh7 Kg6 49. Rh1 Kf7 50. Rh5 Ke6 51. b5 g6 52. Rh7 Rc8 53. Ba5 Rc4 54. Rxb7 Rxa4 55. Rb6+ Kf7 56. Rxb8 Rxa5 57. b6 Rb5 58. b7 Kg7 59. e5 1-0

[Event "GER-ch 93rd"]
[Site "Magdeburg"]
[Date "2022.08.18"]
[Round "7"]
[White "Miller, Eduard"]
[Black "Cofman, Veaceslav"]
[Result "1-0"]
[WhiteElo "2353"]
[BlackElo "2287"]
[EventDate "2022.08.14"]
[PlyCount "45"]

1. e4 d5 2. exd5 Nf6 3. d4 Nxd5 4. c4 Nb6 5. Nf3 g6 6. Nc3 Bg7 7. c5 N6d7 8. Bg5 O-O 9. Bc4 b6 10. O-O Bb7 11. Re1 Nc6 12. d5 Nce5 13. c6 Nxf3+ 14. gxf3 Bxc6 15. Bxe7 Qc8 16. Bxf8 Qxf8 17. dxc6 Ne5 18. Bd5 Qb4 19. Re3 Qh4 20. Qa4 Qh5 21. Rae1 Rd8 22. Qf4 g5 23. Rxe5 1-0

[Event "GER-ch 93rd"]
[Site "Magdeburg"]
[Date "2022.08.18"]
[Round "7"]
[White "Pahl, Erik"]
[Black "Arnold, Max"]
[Result "0-1"]
[WhiteElo "2203"]
[BlackElo "2350"]
[EventDate "2022.08.14"]
[PlyCount "76"]

1. e4 e5 2. Nf3 Nc6 3. Bb5 a6 4. Ba4 Nf6 5. O-O b5 6. Bb3 Bc5 7. c3 d6 8. a4 Rb8 9. d4 Bb6 10. a5 Ba7 11. h3 Bb7 12. Be3 Nxe4 13. d5 Bxe3 14. dxc6 Nxf2 15. Qe2 Nxh3+ 16. Kh1 Nf2+ 17. Rxf2 Bxf2 18. Qxf2 Bxc6 19. Nxe5 Bxg2+ 20. Kg1 Qf6 21. Nxf7 Qxf2+ 22. Kxf2 Rf8 23. Kxg2 Rxf7 24. Bxf7+ Kxf7 25. Nd2 Ke6 26. Re1+ Kd7 27. Rf1 Re8 28. Rf7+ Re7 29. Rxe7+ Kxe7 30. c4 bxc4 31. Nxc4 Kd7 32. b4 Kc6 33. Na3 h5 34. Kg3 g5 35. Kf3 d5 36. Nc2 Kb5 37. Kg3 c5 38. bxc5 Kxc5 0-1

[Event "GER-ch 93rd"]
[Site "Magdeburg"]
[Date "2022.08.18"]
[Round "7"]
[White "Parvanyan, Alfred"]
[Black "Bethke, Richard"]
[Result "0-1"]
[WhiteElo "2151"]
[BlackElo "2357"]
[EventDate "2022.08.14"]
[PlyCount "124"]

1. Nf3 d5 2. g3 Nd7 3. d4 b5 4. Bg2 Bb7 5. O-O e6 6. c3 a5 7. e4 dxe4 8. Ng5 Ngf6 9. Qe2 c5 10. Nxe4 Nxe4 11. Bxe4 Qb6 12. Na3 Bxe4 13. Qxe4 Rc8 14. Qe2 c4 15. Nc2 Qc6 16. f4 g6 17. f5 Bg7 18. fxe6 Qxe6 19. Qxe6+ fxe6 20. Bf4 O-O 21. Rfe1 Rfe8 22. Na3 e5 23. dxe5 b4 24. e6 Nf8 25. Nb5 Rxe6 26. Rxe6 Nxe6 27. Bd6 Ng5 28. Bc7 Ne4 29. Rc1 bxc3 30. bxc3 Nxc3 31. Nxc3 Rxc7 32. a4 h5 33. Kf2 Kh7 34. Kf3 g5 35. Ke4 Rc5 36. h3 Kg6 37. g4 h4 38. Rc2 Kf7 39. Nd5 c3 40. Ne3 Ke6 41. Nf5 Bf6 42. Nd4+ Bxd4 43. Kxd4 Kd6 44. Ke4 Rc4+ 45. Kd3 Kd5 46. Ke3 Rc6 47. Kd3 Rc5 48. Rxc3 Rxc3+ 49. Kxc3 Kc5 50. Kd3 Kb4 51. Ke4 Kxa4 52. Kf5 Kb5 53. Kxg5 a4 54. Kxh4 a3 55. g5 a2 56. Kh5 a1=Q 57. h4 Qh8+ 58. Kg4 Kc5 59. h5 Kd5 60. h6 Ke5 61. Kh5 Kf5 62. g6 Qf6 0-1

[Event "GER-ch 93rd"]
[Site "Magdeburg"]
[Date "2022.08.18"]
[Round "7"]
[White "Parvanyan, Ashot"]
[Black "Poetsch, Hagen"]
[Result "1-0"]
[WhiteElo "2424"]
[BlackElo "2500"]
[EventDate "2022.08.14"]
[PlyCount "107"]

1. Nf3 d5 2. d4 Nf6 3. c4 e6 4. g3 dxc4 5. Bg2 Nbd7 6. Na3 Bxa3 7. bxa3 O-O 8. a4 a5 9. Ba3 Re8 10. Rc1 Nb6 11. Ne5 Nfd7 12. Nxc4 Nxc4 13. Rxc4 Nb6 14. Rc5 Qd7 15. O-O Nxa4 16. Rc1 Nb6 17. Qc2 c6 18. Rfd1 Qc7 19. e4 Bd7 20. d5 e5 21. d6 Qd8 22. f4 Bg4 23. Rd2 exf4 24. gxf4 Qh4 25. Qb3 Nd7 26. Qg3 Qxg3 27. hxg3 f6 28. Rb2 Rab8 29. Bc5 b6 30. Bf2 c5 31. a4 g5 32. Re1 Kf7 33. Bf1 gxf4 34. gxf4 Bf3 35. Bc4+ Kg7 36. Bb5 Rxe4 37. Rxe4 Bxe4 38. Bxd7 Rd8 39. Bb5 Rxd6 40. Re2 f5 41. Be1 Rd1 42. Kf2 Kf7 43. Re3 Rb1 44. Bc3 Ke6 45. Rh3 Rc1 46. Bc4+ Kd7 47. Rxh7+ Kc6 48. Bb5+ Kd5 49. Rd7+ Ke6 50. Be5 c4 51. Rc7 Bd3 52. Ke3 Kd5 53. Bc6+ Ke6 54. Be8 1-0

[Event "GER-ch 93rd"]
[Site "Magdeburg"]
[Date "2022.08.18"]
[Round "7"]
[White "Richter, Nils"]
[Black "Krassowizkij, Jaroslaw"]
[Result "1/2-1/2"]
[WhiteElo "2328"]
[BlackElo "2429"]
[EventDate "2022.08.14"]
[PlyCount "80"]

1. d4 Nf6 2. c4 g6 3. g3 c6 4. Bg2 d5 5. Nf3 Bg7 6. O-O O-O 7. a4 b6 8. cxd5 cxd5 9. Nc3 Nc6 10. Ne5 Bb7 11. Bf4 Ne4 12. Nxe4 Nxe5 13. Nc3 Nc4 14. b3 Nd6 15. Nxd5 e6 16. Ne7+ Qxe7 17. Bxd6 Qxd6 18. Bxb7 Rab8 19. Bf3 Qxd4 20. Qxd4 Bxd4 21. Rad1 Rfd8 22. e3 Bc5 23. Rxd8+ Rxd8 24. Rd1 Rxd1+ 25. Bxd1 a5 26. Be2 Kg7 27. Bc4 e5 28. e4 g5 29. g4 Bd4 30. Kg2 f6 31. f3 h6 32. h3 Bc5 33. Kf1 Kf8 34. Ke2 Ke7 35. Kd3 Kd6 36. Bg8 Bg1 37. Kc4 Bf2 38. Bf7 Bg1 39. Bg8 Bf2 40. Bf7 Bg1 1/2-1/2

[Event "GER-ch 93rd"]
[Site "Magdeburg"]
[Date "2022.08.18"]
[Round "7"]
[White "Roseneck, Jonas"]
[Black "Carlstedt, Jonathan"]
[Result "1-0"]
[WhiteElo "2384"]
[BlackElo "2439"]
[EventDate "2022.08.14"]
[PlyCount "59"]

1. c4 e6 2. Nc3 c5 3. Nf3 d5 4. cxd5 exd5 5. d4 Nf6 6. Bg5 Be6 7. e3 c4 8. Be2 Bb4 9. O-O O-O 10. Ne5 Nbd7 11. e4 dxe4 12. Nxc4 Bxc4 13. Bxc4 Qa5 14. Bxf6 Nxf6 15. Qb3 Rad8 16. Rfd1 Rd7 17. Rac1 a6 18. a3 Bd6 19. h3 Qg5 20. Nd5 b5 21. Nxf6+ gxf6 22. Bf1 f5 23. Re1 Bf4 24. Rc5 Rxd4 25. g4 Bb8 26. Rxf5 Qd2 27. Re2 Qc1 28. Rc2 Qe1 29. Rc8 Rd7 30. Rg5+ 1-0

[Event "GER-ch 93rd"]
[Site "Magdeburg"]
[Date "2022.08.18"]
[Round "7"]
[White "Stricker, Florian"]
[Black "Colbow, Collin"]
[Result "0-1"]
[WhiteElo "2182"]
[BlackElo "2323"]
[EventDate "2022.08.14"]
[PlyCount "58"]

1. e4 c5 2. Nc3 e6 3. Nge2 Nc6 4. g3 Nf6 5. Bg2 d5 6. exd5 exd5 7. d4 cxd4 8. Nxd4 Bg4 9. Qd3 Bc5 10. Nxc6 bxc6 11. O-O O-O 12. Na4 Bd6 13. Be3 Re8 14. Rfe1 Nd7 15. Bd4 Qa5 16. Rxe8+ Rxe8 17. h3 Be2 18. Qf5 Qd8 19. c3 Re4 20. Bxg7 Rxa4 21. Bd4 c5 22. Bxd5 cxd4 23. Qxf7+ Kh8 24. Bb3 Ne5 25. Qd5 Nf3+ 26. Kg2 Ra5 27. Qe6 Re5 28. Qf7 d3 29. Bd1 Qf8 0-1

[Event "GER-ch 93rd"]
[Site "Magdeburg"]
[Date "2022.08.18"]
[Round "7"]
[White "Vogel, Roven"]
[Black "Krastev, Alexander"]
[Result "1-0"]
[WhiteElo "2459"]
[BlackElo "2428"]
[EventDate "2022.08.14"]
[PlyCount "143"]

1. d4 Nf6 2. c4 e6 3. Nf3 c5 4. e3 cxd4 5. exd4 d5 6. Nc3 Be7 7. cxd5 Nxd5 8. Bd3 Nc6 9. O-O O-O 10. Be4 Bf6 11. Qe2 b6 12. Nxd5 exd5 13. Bxh7+ Kxh7 14. Qc2+ Kg8 15. Qxc6 Bg4 16. Ne5 Bxe5 17. dxe5 Rc8 18. Qa4 d4 19. Be3 Be2 20. Qxd4 Bxf1 21. Rxf1 Qxd4 22. Bxd4 Rc2 23. Bc3 Rd8 24. Re1 Kf8 25. g4 Ke7 26. Re3 g6 27. Kg2 Rd1 28. Rf3 Re2 29. Rf4 Rc1 30. h4 Kf8 31. a3 Rxc3 32. bxc3 Rxe5 33. Ra4 a5 34. Rc4 Rb5 35. Kf3 Rb2 36. a4 Ra2 37. Ke3 Kg7 38. f3 Rh2 39. Rc6 Rxh4 40. Rxb6 Rh1 41. Rb5 Rc1 42. Kd2 Rf1 43. Ke2 Rc1 44. Rc5 Kf6 45. f4 Ke6 46. Kd2 Rg1 47. g5 Rf1 48. Ke3 Re1+ 49. Kd4 Rf1 50. Rc6+ Ke7 51. Ke5 Re1+ 52. Kd5 Ra1 53. Rc7+ Kf8 54. Rc4 Ke7 55. Kc6 Rb1 56. Re4+ Kd8 57. Re5 Rb3 58. Rxa5 Rxc3+ 59. Kb7 Kd7 60. Rd5+ Ke6 61. Rb5 Kd7 62. a5 Rc7+ 63. Ka8 Kc6 64. Rb6+ Kc5 65. Rb7 Rc8+ 66. Ka7 Rf8 67. a6 f6 68. Rc7+ Kd6 69. Kb7 fxg5 70. fxg5 Rf5 71. Rc6+ Kd7 72. a7 1-0

[Event "GER-ch 93rd"]
[Site "Magdeburg"]
[Date "2022.08.18"]
[Round "7"]
[White "Wachinger, Nikolas"]
[Black "Braun, Georg"]
[Result "1/2-1/2"]
[WhiteElo "2442"]
[BlackElo "2398"]
[EventDate "2022.08.14"]
[PlyCount "63"]

1. e4 c5 2. Nf3 g6 3. c4 Bg7 4. d4 cxd4 5. Nxd4 Nc6 6. Be3 Qb6 7. Nb3 Qd8 8. Nc3 Bxc3+ 9. bxc3 Nf6 10. f3 d6 11. Be2 O-O 12. O-O b6 13. a4 Qc7 14. a5 Nxa5 15. Nxa5 bxa5 16. Qa4 Be6 17. Qxa5 Rfc8 18. Qxc7 Rxc7 19. Ra4 Nd7 20. Rfa1 Nc5 21. Ra5 f6 22. Kf2 Kf7 23. Bxc5 dxc5 24. Ke3 Bc8 25. f4 e5 26. fxe5 fxe5 27. Rb1 Ke7 28. Rd1 Be6 29. Rda1 Bc8 30. Rd1 Be6 31. Rda1 Bc8 32. Rd1 1/2-1/2

[Event "GER-ch 93rd"]
[Site "Magdeburg"]
[Date "2022.08.19"]
[Round "8"]
[White "Bethke, Richard"]
[Black "Richter, Nils"]
[Result "1/2-1/2"]
[WhiteElo "2357"]
[BlackElo "2328"]
[EventDate "2022.08.14"]
[PlyCount "80"]

1. e4 c5 2. Nf3 e6 3. d4 cxd4 4. Nxd4 Nc6 5. Nc3 Qc7 6. Be2 Nf6 7. Be3 a6 8. O-O Be7 9. f4 d6 10. Qe1 O-O 11. Qg3 Nxd4 12. Bxd4 b5 13. a3 Bb7 14. Bd3 e5 15. fxe5 Nh5 16. Qe3 dxe5 17. Bxe5 Qxe5 18. Rf5 Qd6 19. Rxh5 g6 20. Rh3 Qc5 21. Kh1 Qxe3 22. Rxe3 Bc5 23. Ree1 Bf2 24. Rf1 Bd4 25. Rab1 Rad8 26. a4 bxa4 27. Nxa4 Kg7 28. b4 Rfe8 29. Rfe1 Bc6 30. Nc5 Bxc5 31. bxc5 Bb5 32. Rec1 Re5 33. Bxb5 axb5 34. c4 b4 35. Rxb4 Rxc5 36. h3 Rd4 37. e5 Rxe5 38. Rb7 Rde4 39. Kh2 Re7 40. Rb2 Rc7 1/2-1/2

[Event "GER-ch 93rd"]
[Site "Magdeburg"]
[Date "2022.08.19"]
[Round "8"]
[White "Braun, Georg"]
[Black "Krassowizkij, Jaroslaw"]
[Result "0-1"]
[WhiteElo "2398"]
[BlackElo "2429"]
[EventDate "2022.08.14"]
[PlyCount "54"]

1. e4 e6 2. d4 d5 3. Nc3 Nf6 4. e5 Nfd7 5. f4 c5 6. Nf3 Nc6 7. Be3 cxd4 8. Nxd4 Qb6 9. Qd2 Qxb2 10. Rb1 Qa3 11. Bb5 Nxd4 12. Bxd4 a6 13. Bxd7+ Bxd7 14. Rb3 Qe7 15. Rxb7 Rc8 16. O-O Qa3 17. Rfb1 Bc5 18. R1b3 Bxd4+ 19. Qxd4 Qc1+ 20. Kf2 Rc4 21. Qa7 Rxf4+ 22. Kg3 Rc4 23. Kf2 Rxc3 24. Rxc3 Qd2+ 25. Kf1 Qxc3 26. Rc7 Bb5+ 27. Kg1 Qe1# 0-1

[Event "GER-ch 93rd"]
[Site "Magdeburg"]
[Date "2022.08.19"]
[Round "8"]
[White "Burian, Simon"]
[Black "Becker, Michael"]
[Result "0-1"]
[WhiteElo "2211"]
[BlackElo "2282"]
[EventDate "2022.08.14"]
[PlyCount "48"]

1. d4 Nf6 2. c4 c5 3. d5 b5 4. cxb5 a6 5. bxa6 g6 6. Nc3 Bxa6 7. e4 Bxf1 8. Kxf1 d6 9. Nf3 Nbd7 10. g3 Bg7 11. Kg2 O-O 12. a4 Ng4 13. Nd2 f5 14. exf5 gxf5 15. Nc4 Nb6 16. Nxb6 Qxb6 17. h3 Ne5 18. f4 Nd7 19. Re1 Rf7 20. Qd3 Qb4 21. Qb5 Bxc3 22. Qc6 Bxe1 23. Qxa8+ Rf8 24. Qa7 Qe4+ 0-1

[Event "GER-ch 93rd"]
[Site "Magdeburg"]
[Date "2022.08.19"]
[Round "8"]
[White "Carlstedt, Jonathan"]
[Black "Dahl, Christoph"]
[Result "1-0"]
[WhiteElo "2439"]
[BlackElo "2348"]
[EventDate "2022.08.14"]
[PlyCount "67"]

1. d4 Nf6 2. c4 g6 3. h4 d6 4. Nc3 Bg7 5. e4 O-O 6. Be2 c5 7. d5 e6 8. h5 exd5 9. exd5 Re8 10. h6 Bh8 11. Bg5 Qa5 12. Bd2 Qb6 13. Rh4 Bf5 14. Kf1 Ne4 15. Nxe4 Bxe4 16. Bc1 Nd7 17. f3 Bf5 18. g4 g5 19. Rh2 Bg6 20. a4 Bxb2 21. a5 Qb4 22. Ra2 Be5 23. Rg2 Qb1 24. Ra3 Bb2 25. Bxb2 Qxb2 26. Rb3 Qe5 27. Nh3 b6 28. a6 f6 29. Qc1 Qd4 30. f4 Rxe2 31. Rxe2 Bd3 32. Rxd3 Qxd3 33. Nf2 Qd4 34. Re4 1-0

[Event "GER-ch 93rd"]
[Site "Magdeburg"]
[Date "2022.08.19"]
[Round "8"]
[White "Cofman, Veaceslav"]
[Black "Yi, Danny"]
[Result "1-0"]
[WhiteElo "2287"]
[BlackElo "2273"]
[EventDate "2022.08.14"]
[PlyCount "49"]

1. Nf3 Nf6 2. c4 g6 3. Nc3 d5 4. cxd5 Nxd5 5. Qb3 Nb6 6. d4 Bg7 7. e4 O-O 8. Be3 N6d7 9. Rd1 b6 10. Bc4 c6 11. Ng5 Qe8 12. e5 e6 13. Nce4 Ba6 14. Bxe6 fxe6 15. Nd6 Qe7 16. Nxe6 c5 17. Qd5 cxd4 18. Ng5+ Kh8 19. Ngf7+ Rxf7 20. Nxf7+ Qxf7 21. Qxf7 dxe3 22. Qe8+ Nf8 23. e6 Nc6 24. Qxa8 Nb4 25. fxe3 1-0

[Event "GER-ch 93rd"]
[Site "Magdeburg"]
[Date "2022.08.19"]
[Round "8"]
[White "Colbow, Collin"]
[Black "Miller, Eduard"]
[Result "1-0"]
[WhiteElo "2323"]
[BlackElo "2353"]
[EventDate "2022.08.14"]
[PlyCount "99"]

1. e4 c6 2. d4 d5 3. exd5 cxd5 4. c4 Nf6 5. Nc3 g6 6. Qb3 Bg7 7. cxd5 O-O 8. Nge2 Na6 9. g3 Bf5 10. Bg2 Qd7 11. Bf4 Nh5 12. Be3 Rac8 13. Rd1 Nf6 14. h3 h5 15. Bf4 b5 16. Qxb5 Qxb5 17. Nxb5 Nb4 18. Nxa7 Rc2 19. Rd2 Ne4 20. Rxc2 Nxc2+ 21. Kf1 Ra8 22. Nc6 Rxa2 23. g4 Ra1+ 24. Nc1 hxg4 25. hxg4 g5 26. Nxe7+ Kf8 27. Nxf5 gxf4 28. Bxe4 Rxc1+ 29. Kg2 Rxh1 30. Kxh1 Nxd4 31. Nxg7 Kxg7 32. Kg2 Kf6 33. f3 Ke5 34. Kh3 Nb5 35. g5 Nd6 36. b4 Kd4 37. Kg4 Nxe4 38. fxe4 Kxe4 39. d6 f3 40. Kg3 Ke3 41. d7 f2 42. d8=Q f1=Q 43. Qb6+ Ke4 44. Qf2 Qd3+ 45. Kh4 Qd1 46. b5 Qh1+ 47. Kg3 Qc1 48. Qf3+ Ke5 49. Qf6+ Ke4 50. Qc6+ 1-0

[Event "GER-ch 93rd"]
[Site "Magdeburg"]
[Date "2022.08.19"]
[Round "8"]
[White "Dobrikov, Marco"]
[Black "Colpe, Malte"]
[Result "1/2-1/2"]
[WhiteElo "2223"]
[BlackElo "2363"]
[EventDate "2022.08.14"]
[PlyCount "83"]

1. e4 c5 2. Nf3 d6 3. d4 cxd4 4. Nxd4 Nf6 5. Nc3 a6 6. Be3 e5 7. Nb3 Be7 8. f3 h5 9. Qd2 Be6 10. Nd5 Nxd5 11. exd5 Bf5 12. Bd3 Bxd3 13. Qxd3 Bh4+ 14. g3 Bf6 15. O-O-O Nd7 16. Kb1 Qc7 17. Nd2 b5 18. Ne4 Be7 19. h4 Rc8 20. Rh2 Nf6 21. Bg5 Nxe4 22. fxe4 Qd7 23. Bxe7 Kxe7 24. Rf1 Qg4 25. Rhf2 f6 26. a4 Rc4 27. axb5 axb5 28. b3 Rxe4 29. Qxb5 Rc8 30. Rf5 Rb4 31. Qa6 Rc7 32. R5f3 Qd4 33. Qd3 Ra7 34. Qxd4 Rxd4 35. c4 Rd2 36. R1f2 Raa2 37. Rxd2 Rxd2 38. Kc1 Rd4 39. Kc2 g6 40. Kc3 f5 41. b4 Rd1 42. Rd3 1/2-1/2

[Event "GER-ch 93rd"]
[Site "Magdeburg"]
[Date "2022.08.19"]
[Round "8"]
[White "Farokhi, Keyvan"]
[Black "Tschernatsch, Johannes"]
[Result "1-0"]
[WhiteElo "2313"]
[BlackElo "2314"]
[EventDate "2022.08.14"]
[PlyCount "109"]

1. e4 c5 2. Nf3 Nc6 3. d4 cxd4 4. Nxd4 Nf6 5. Nc3 e5 6. Ndb5 d6 7. Bg5 a6 8. Na3 b5 9. Bxf6 gxf6 10. Nd5 Bg7 11. Bd3 Ne7 12. Nxe7 Qxe7 13. O-O O-O 14. c4 f5 15. Qf3 d5 16. cxd5 fxe4 17. Bxe4 Rb8 18. Rad1 Qg5 19. d6 Bg4 20. Qg3 h6 21. f3 Bd7 22. Qxg5 hxg5 23. g4 Rfd8 24. Rd2 Bf8 25. Rfd1 Be6 26. Nc2 Rb6 27. d7 Bxa2 28. Bd5 b4 29. Bxa2 b3 30. Bxb3 Rxb3 31. Kg2 f6 32. Na3 Bxa3 33. bxa3 Rxa3 34. Rc1 Kf7 35. Rc8 Ke7 36. Rxd8 Kxd8 37. Rd6 a5 38. Rxf6 Kxd7 39. Rf5 Kd6 40. Rxg5 a4 41. h4 Rb3 42. h5 a3 43. Rg6+ Kc5 44. Ra6 Rb2+ 45. Kg3 Rb3 46. h6 e4 47. h7 Rxf3+ 48. Kg2 Rf8 49. g5 e3 50. Rxa3 Kd4 51. g6 e2 52. Ra1 Ke3 53. g7 Rf2+ 54. Kg1 e1=N 55. Rxe1+ 1-0

[Event "GER-ch 93rd"]
[Site "Magdeburg"]
[Date "2022.08.19"]
[Round "8"]
[White "Florstedt, Johannes"]
[Black "Parvanyan, Alfred"]
[Result "1-0"]
[WhiteElo "2359"]
[BlackElo "2151"]
[EventDate "2022.08.14"]
[PlyCount "65"]

1. e4 c5 2. Nf3 Nc6 3. Bc4 e5 4. O-O Be7 5. d4 cxd4 6. c3 Nf6 7. cxd4 d6 8. d5 Nb8 9. Nc3 O-O 10. h3 Nbd7 11. Re1 Nb6 12. Bd3 Bd7 13. a4 Rc8 14. Be3 Nc4 15. Bxc4 Rxc4 16. Qb3 Qc8 17. Nd2 Rc7 18. Bxa7 Nh5 19. Bb6 Bxh3 20. gxh3 Qxh3 21. Ne2 Qg4+ 22. Ng3 Rc2 23. Qxc2 Nxg3 24. fxg3 Qxg3+ 25. Kf1 Bh4 26. Qc3 Qh2 27. Re2 Qh1+ 28. Bg1 f5 29. Qf3 fxe4 30. Qxf8+ Kxf8 31. Rh2 Qxh2 32. Bxh2 e3 33. Nc4 1-0